Obras completas

Сохранить в:
Библиографические подробности
Главный автор: San Anselmo (Автор)
Формат:
Язык:испанский
Опубликовано: Madrid B.A.C 1952
Серии:Biblioteca de Autores Cristianos
Предметы:
Метки: Добавить метку
Нет меток, Требуется 1-ая метка записи!

MARC

LEADER 00000nam a2200000 a 4500
001 UCZ2641
003 CL-VaPUC
008 951005e19520000SP |||||||||||||||||spa|d
082 0 4 |a 189.4  |b ANS  |2 21 
100 0 |a San Anselmo  |e author  |9 345661 
245 1 0 |a Obras completas 
300 |a v 
942 |c BK 
945 |d 19951005 00:00:00  |a cmena 
260 |a Madrid  |b B.A.C  |c 1952 
500 |a v.1 Monologio 
500 |a Proslogio 
500 |a Acerca del gramático 
500 |a De la verdad 
500 |a Del libre albedrío 
500 |a De la caída del demonio 
500 |a Carta sobre la encarnación del Verbo 
500 |a Por qué Dios se hizo hombre 
600 0 |a Dios  |9 314467 
650 0 |a Escolasticismo  |9 264998 
650 0 |a Teología   |9 258766 
650 0 |a Experiencia religiosa  |9 315549 
650 0 |a Libre albedrío  |9 334583 
583 |a last modification  |c 19951005 00:00:00  |k Rodrigo Vera 
490 0 |a Biblioteca de Autores Cristianos 
999 |c 239206  |d 239204 
952 |0 0  |1 0  |4 0  |6 189_400000000000000_ANS_1952  |7 0  |8 P  |9 250117  |a BIBEDU  |b BIBEDU  |c BIBEDU_PB  |d 2019-11-18  |h v.1  |i 1569198  |o 189.4 ANS 1952  |p 1569198  |r 2024-01-25  |w 2019-11-18  |y BK  |k FIL